| 000 | 00902nam a2200277 i 4500 | ||
|---|---|---|---|
| 003 | EG-GICUC | ||
| 005 | 20260323173749.0 | ||
| 008 | 260323s1953 ua ||||fr|||| 00| 0 eng d | ||
| 040 |
_aEG-GiCUC _beng _cEG-GiCUC _dEG-GiCUC _eRda |
||
| 082 | 0 | 4 |
_221 _a341.84 _bBA . A |
| 092 | 0 | 4 | _221 |
| 099 | _aLaw1 12 341.84 BA . A 1953 | ||
| 100 | 1 |
_aBadr,Amin M. _eAuthor. |
|
| 245 |
_aAlien Corporation In Conflict Of Laws : _bA Studt Of Comparative Law / _cAmin M.Badr . |
||
| 264 | 1 |
_aLe Caire : _bImp.Université Fouad , _c1953 . |
|
| 300 |
_a178 page ; _c24 cm. |
||
| 336 |
_2rda contenu _a texte |
||
| 337 |
_2rda medias _aOrdinateur |
||
| 338 |
_2 transporteur rda _a Ressource en ligne |
||
| 546 | _aText in English | ||
| 650 | _aPrivate International Law | ||
| 650 | _aConflict Of Laws | ||
| 856 | 4 | 0 | _uhttps://fll.law.cu.edu.eg/fulltext/bks/B12-02882.pdf |
| 905 | _a59 | ||
| 942 |
_2ddc _n0 _cBK _e21 |
||
| 999 |
_c66547 _d66547 |
||